Normal view MARC view
  • Sanz, Nuria

Entry Nombre Personal

Number of records used in: 11

001 - NUMERO DE CONTROL

  • campo de control: 46921

003 - IDENTIFICADOR DE NUMERO DE CONTROL

  • campo de control: MX-MxUPN

005 - FECHA Y HORA DE LA ÜLTIMA TRANSACCIÓN

  • campo de control: 20220930124547.0

008 - DATOS DE LONGITUD FIJA

  • campo de control de longitud fija: 220930|| aca||aabn | a|a d

040 ## - FUENTE DE CATALOGACIÓN

  • Agencia original de catalogación: MX-MxUPN
  • Lenguaje de catalogación: spa
  • Agencia de transcripción: MX-MxUPN

100 1# - ENCABEZAMIENTO - NOMBRE PERSONAL

  • Nombre personal: Sanz, Nuria

670 ## - FUENTE EN LA QUE SE LOCALIZARON DATOS

  • Cita de la fuente: The origin and evolution of food production and its impact on consumption patterns = El origen y la evolución de la producción de alimentos : y su impacto en los patrones de consumo , 2018:
  • Información localizada: portada (Nuria Sanz, editor)

902 ## - CATALOGADOR

  • Catalogador: Víctor Ruiz/300922